Library of the University of Algiers 3
Ibrahim Sultan Cheibout
شعار جامعة الجزائر 3
مكتبة جامعة الجزائر 3
إبراهيم سلطان شيبوط

الجبر الخطي وتطبيقاته / (رقم التسجيلة. 42906)

تفاصيل مارك
000 -LEADER
fixed length control field 01101nam a2200217Ia 4500
003 - CONTROL NUMBER IDENTIFIER
control field Ost
005 - DATE AND TIME OF LATEST TRANSACTION
control field 20260507075111.0
008 - FIXED-LENGTH DATA ELEMENTS--GENERAL INFORMATION
fixed length control field 260507s9999||||xx |||||||||||||| ||und||
020 ## - INTERNATIONAL STANDARD BOOK NUMBER
International Standard Book Number 9959300013
040 ## - CATALOGING SOURCE
Transcribing agency fsecg
041 ## - LANGUAGE CODE
Language code of text/sound track or separate title ara
082 ## - DEWEY DECIMAL CLASSIFICATION NUMBER
Classification number 500
100 ## - MAIN ENTRY--PERSONAL NAME
Personal name سترانج، جالبرت
Relator term مؤلف
245 #0 - TITLE STATEMENT
Title الجبر الخطي وتطبيقاته /
Statement of responsibility, etc. جالبرت سترانج
260 ## - PUBLICATION, DISTRIBUTION, ETC.
Place of publication, distribution, etc. بيروت:
Name of publisher, distributor, etc. دار الفكر العربي,
Date of publication, distribution, etc. 2000
300 ## - PHYSICAL DESCRIPTION
Extent 903 صفحة؛
Other physical details إيضاحات ؛
Dimensions 24 سم
504 ## - BIBLIOGRAPHY, ETC. NOTE
Bibliography, etc. note ببليوغرافيا:ص.5-8؛الملاحق:ص.763-818؛كشاف المصطلحات العلمية:889-903
520 ## - SUMMARY, ETC.
Summary, etc. حذف جاوس،نظرية المعادلات الآنية الخطية،الاسقاطات المتعامدة والقيمة الصغرى،المحددات،القيم الذاتية والمتجهات الذاتية،المصفوفات المعرفة الموجبة،الحسابات باستخدام المصفوفات،البرمجة الخطية ونظرية المباريات
653 ## - INDEX TERM--UNCONTROLLED
Uncontrolled term الجبر الخطي
942 ## - ADDED ENTRY ELEMENTS (KOHA)
Koha item type كتب
المقتنيات
Withdrawn status Lost status Source of classification or shelving scheme Damaged status Not for loan Home library Current library Date acquired Serial enumeration / chronology Inventory number Total checkouts Full call number Barcode Date last seen Price effective from Koha item type
    Dewey Decimal Classification   NOT LOAN / إعارة داخلية مكتبة كلية العلوم الإقتصادية والعلوم التجارية وعلوم التسيير مكتبة كلية العلوم الإقتصادية والعلوم التجارية وعلوم التسيير 07/05/2026 الطابق الأرضي 1504/1   أ/1504ن1 1504/1 07/05/2026 07/05/2026 كتب

موارد الويب المفتوحة


© University of Algiers 3 All Rights Reserved
|
Implemented by LECHELAH Riad